Možnosti a formy motivácie zamestnancov ako nástroj na zvyšovanie produktivity práce diplomová práca

Salvato in:
Dettagli Bibliografici
Autore principale: Dobiašová, Katarína
Ente Autore: Podnikovohospodárska fakulta EU so sídlom v Košiciach. Katedra manažmentu
Altri autori: Korpová, Miriam
Natura: Libro
Lingua:slovacco
Pubblicazione: Košice 2008
Tags: Aggiungi Tag
Nessun Tag, puoi essere il primo ad aggiungerne!!

MARC

LEADER 00000nam$a2200000$$$4500
001 0080005
005 20240201115654.5
041 0 |a slo 
044 |a SK 
245 1 0 |a Možnosti a formy motivácie zamestnancov ako nástroj na zvyšovanie produktivity práce  |b diplomová práca  |c Katarína Dobiašová ; škol. Miriam Korpová 
264 1 |a Košice  |c 2008 
300 |a 72 s. 
100 1 |a Dobiašová, Katarína 
700 1 |a Korpová, Miriam 
710 2 |a Podnikovohospodárska fakulta EU so sídlom v Košiciach. Katedra manažmentu